Statystyki dla Kapitanowie drużyn w Ekstraklasie w sezonie 2020/2021

Kliknij tutaj aby rozwiązać quiz!

Ogólne statystyki

  • Ten quiz został rozwiązany 48 razy
  • Średni wynik to 8 z 15

Statystyki odpowiedzi

klubkrajkapitan% Poprawnych
LechiaPORFlavio Paixao
89%
LegiaPOLArtur Jędrzejczyk
87%
JagielloniaPOL/UKRTaras Romanczuk
87%
CracoviaROUSergiu Hanca
79%
PiastESPGerard Badia
76%
Wisła KPOLJakub Błaszczykowski
74%
LechNORThomas Rogne
74%
ZagłębieSVKLubomir Guldan
53%
ŚląskPOLKrzysztof Mączyński
39%
RakówPOLAndrzej Niewulis
26%
WartaPOLBartosz Kieliba
26%
Wisła PPOLAlan Uryga
24%
StalPOLKrystian Getinger
24%
PodbeskidziePOLŁukasz Sierpina
16%
PogońPOLAdam Frąszczak
5%

Rozkład punktacji

Percentyl według liczby udzielonych odpowiedzi

Procent ludzi z każdym wynikiem

Twoja historia wyników

Nie rozwiązałeś tego quizu